Basic mathematics
Αποθηκεύτηκε σε:
| Κύριος συγγραφέας: | |
|---|---|
| Μορφή: | Βιβλίο |
| Γλώσσα: | English |
| Δημοσίευση: |
New York ; Berlin :
Springer-Verlag,
c1988
|
| Θέματα: | |
| Ετικέτες: |
Προσθήκη ετικέτας
Δεν υπάρχουν, Καταχωρήστε ετικέτα πρώτοι!
|
MARC
| LEADER | 00000nam a2200000 i 4500 | ||
|---|---|---|---|
| 001 | 1/47993 | ||
| 008 | 980706s1988 eng d | ||
| 020 | |a 0-387-96787-7 | ||
| 035 | |l 10043216 | ||
| 040 | |a GR-MY-UA |b gre |e aacr | ||
| 041 | 0 | |a eng | |
| 082 | 0 | |a 510 | |
| 100 | 1 | |a Lang, Serge |d 1927-2005. | |
| 245 | 1 | 0 | |a Basic mathematics / |c Serge Lang |
| 260 | |a New York ; Berlin : |b Springer-Verlag, |c c1988 | ||
| 300 | |a xv, 431, [44] σ.; |b εικ.; |c 24 εκ. | ||
| 650 | 0 | 0 | |a Mathematics. |
| 852 | |a INST |b CHIOS |e 20080121 |h 510 LAN |p 005200027926 |q 005200027926 |t BK |y 0 | ||
| 852 | |a INST |b SAMOS |e 19980706 |h 510 LAN |p 005300011212 |q 005300011212 |t BK |y 0 | ||
| 852 | |a INST |b SAMOS |e 19980706 |h 510 LAN |p 005300011213 |q 005300011213 |t BK |y 0 | ||
| 852 | |a INST |b SAMOS |e 19980706 |h 510 LAN |p 005300011214 |q 005300011214 |t BK |y 0 | ||
| 852 | |a INST |b SAMOS |e 19980706 |h 510 LAN |p 005300011215 |q 005300011215 |t BK |y 23 | ||
| 901 | |a BIBL-1998-2 | ||
| 901 | |a BIBL2-2008-1 | ||
| 909 | |a Χ |b 143571 | ||
| 909 | |a Σ |b 056930 | ||
| 909 | |a Σ |b 056931 | ||
| 909 | |a Σ |b 056932 | ||
| 909 | |a Σ |b 056933 | ||
| 922 | |a 2ΕΛΗ |b 200712 |c ΕΠΕΑΕΚ2/ΤΜΟΔ |d ΕΛΕΥΘΕΡΟΥΔΑΚΗΣ | ||
| 922 | |a 3ΕΛΗ |b 199805 |c ΚΠΣ |d ΠΑΠΑΣΩΤΗΡΙΟΥ | ||